| 000 | 00730nam a2200217 i 4500 | ||
|---|---|---|---|
| 001 | 106824 | ||
| 003 | ES-MaACL | ||
| 005 | 20230906184259.0 | ||
| 007 | t| | ||
| 008 | 070103s1967 xxu ||||1| eng d | ||
| 080 | _a(038)=124=20 | ||
| 100 | 1 |
_aBeach, Goodwin B. _926768 |
|
| 245 | 1 | 0 |
_aLocutionum cotidianarum glossarium _b: a guide to latin conversation / _cby Goodwin B. Beach and Ford Lewis Battles. |
| 250 | _a3th. ed. | ||
| 260 |
_aHartford : _bHartford Seminary Press, _c1967. |
||
| 300 |
_aXIII, 304 p. ; _c21 cm. |
||
| 500 | _aBiblioteca Jacinto Martínez Lacalle. | ||
| 650 | 1 | 4 |
_aLengua latina- _vDiccionarios- _xInglés. _914297 |
| 700 | 1 |
_aBattles, Ford Lewis. _926489 |
|
| 852 |
_aES-MaACL _jE-11453 _bR.139549 |
||
| 999 |
_c106824 _d106824 |
||